|
|
|
|
| LEADER |
01308nam a2200265 a 4500 |
| 001 |
1166053 |
| 008 |
091224s1992 qea b 000 0 eng d |
| 020 |
|
|
|a 0646126814
|
| 040 |
|
|
|a QSL
|b eng
|c QSL
|d QSL
|d VPHY
|d BD-DhAAL
|
| 082 |
0 |
0 |
|a 332.1753095
|2 20
|
| 245 |
1 |
0 |
|a Banking with the poor :
|b report and recommendations based on case studies prepared by leading Asian banks and non governmental organisations.
|
| 260 |
|
|
|a Brisbane :
|b Foundation for Development Cooperation,
|c 1992.
|
| 300 |
|
|
|a xiv, 223 p. ;
|c 25 cm
|
| 500 |
|
|
|a Adopted by the second Regional Workshop on Banking with the Poor at APDC, Kuala Lumpur, 6-10 July 1992.
|
| 500 |
|
|
|a 'Prepared...by...G.B. Thapa...<et al.>.
|
| 504 |
|
|
|a Bibliography: p. 89.
|
| 541 |
1 |
|
|e 00004966
|
| 650 |
|
0 |
|a Poor
|z Asia
|x Finance, Personal
|x Congresses.
|
| 650 |
|
0 |
|a Credit
|z Asia
|x Congresses.
|
| 700 |
1 |
|
|a Thapa, G. B.
|q (Ganesh B.)
|
| 710 |
2 |
|
|a Foundation for Development Cooperation.
|
| 711 |
2 |
|
|a Regional Workshop on Banking with the Poor
|n (2nd :,
|d 1992 :
|c Kuala Lumpur, Malaysia)
|
| 852 |
4 |
|
|a Ayesha Abed Library
|j General shelf
|
| 999 |
|
|
|c 6394
|d 6394
|
| 952 |
|
|
|0 0
|1 0
|2 ddc
|4 0
|6 332_175309500000000_BAN_1992
|7 0
|9 6454
|a BRACUL
|b BRACUL
|c GEN
|d 2009-12-24
|g 0.00
|l 0
|o 332.1753095 BAN
|p 3010004966
|r 2009-12-24
|t 1
|w 2009-12-24
|y BK
|x No price found in the accession register.
|